000 00269nam a22001217a 4500
008 170131b xxu||||| |||| 00| 0 eng d
041 _aeng
080 _21ST
_a618.2
100 _a2
101 _aINF
245 _aNCLEX-RN CONTENT REVIEW GUIDE
_cKAPLAN
942 _2udc
_cBK
999 _c4115
_d4115